Psychológia priemyselnej práce : Rozbor výrobných operácií /
Saved in:
| Other Authors: | |
|---|---|
| Format: | Book |
| Language: | Slovak |
| Published: |
Bratislava :
SVTL,
1965
|
| Subjects: | |
| Tags: |
No Tags, Be the first to tag this record!
|
MARC
| LEADER | 00000nam a22000003a 4500 | ||
|---|---|---|---|
| 001 | stu41092 | ||
| 005 | 20150617225723.1 | ||
| 008 | 930917s1965----cs------------------slo-d | ||
| 040 | |a STU |b slo | ||
| 041 | 0 | |a slo | |
| 044 | |a cs | ||
| 080 | |a 159.9 | ||
| 080 | |a 331.82 | ||
| 100 | 1 | |a Fusek, M |4 trl | |
| 245 | 1 | |a Psychológia priemyselnej práce : |b Rozbor výrobných operácií / |c Z rus. M. Fusek | |
| 260 | |a Bratislava : |b SVTL, |c 1965 | ||
| 300 | |a 188 s | ||
| 650 | 7 | |a prostredie pracovné |2 stusub | |
| 650 | 7 | |a aspekty psychologické |2 stusub | |
| 650 | 7 | |a psychológia |2 stusub | |
| 996 | |b 284M002399 |c M*4934-1 |l MMKN |s A |a 24 |w stu41092_0001 | ||